000 00615cam a22002052 4500
001 0000000109
005 20151217151744.0
008 070110s xx 000 0 eng d
020 _a1873796684 :
_cKES 700
040 _aKABU
_cKABU
100 1 _aMarshall, David.
_@0000148116
245 1 0 _aOccult explosion /
_cDavid Marshall.
260 _aLincolnshire, England :
_bAutumn House,
_c1997.
300 _a154 p.
650 0 _aOccultism.
_@0000148117
908 _a070110
950 _@1
999 _c4734
_d4734